000 00221nam a2200085Ia 4500
245 0 _aThe Matlock paper
100 _a LUDLUM, Robert [S.l.], 1973
_9114611
942 _cBK
008 210825s9999 xx 000 0 und d
999 _c551327
_d551326